La campaña de Laura Chinchilla y las mujeres: ¿oportunismo o compromiso con un nuevo pacto sexual? = Laura Chinchilla campaign and women: opportunities or undertaking a new covenant with sex? /
En este ensayo se analizan las articulaciones que ocurrieron entre la oferta electoral de la candidata Laura Chinchilla y la nueva realidad demográfica, social y sexual de Costa Rica, que ayudan a comprender por qué logró convocar el voto principalmente de las mujeres y de las personas adultas mayor...
Furkejuvvon:
| Váldodahkki: | |
|---|---|
| Materiálatiipa: | Texto |
| Fáttát: | |
| Fáddágilkorat: |
Lasit fáddágilkoriid
Eai fáddágilkorat, Lasit vuosttaš fáddágilkora!
|
MARC
| LEADER | 00000 a a2200000 04500 | ||
|---|---|---|---|
| 001 | 44214 | ||
| 003 | |||
| 040 | |||
| 100 | |a Flórez-Estrada, María | ||
| 245 | |a La campaña de Laura Chinchilla y las mujeres: ¿oportunismo o compromiso con un nuevo pacto sexual? = |b Laura Chinchilla campaign and women: opportunities or undertaking a new covenant with sex? / |c María Flórez-Estrada | ||
| 500 | |a maria.florez-estrada@ucr.ac.cr | ||
| 520 | |a En este ensayo se analizan las articulaciones que ocurrieron entre la oferta electoral de la candidata Laura Chinchilla y la nueva realidad demográfica, social y sexual de Costa Rica, que ayudan a comprender por qué logró convocar el voto principalmente de las mujeres y de las personas adultas mayores. | ||
| 590 | |a RRH/ENERO2013 | ||
| 650 | |a PARTIDOS POLITICOS | ||
| 650 | |a ELECCIONES | ||
| 650 | |a CAPITALISMO | ||
| 650 | |a FEMINISMO | ||
| 650 | |a ECONOMIA | ||
| 650 | |a VOTACION | ||
| 740 | |a Costa Rica: elecciones nacionales 2010: |b una mirada a su democracia | ||
| 773 | |g número130 (2010), páginas 85-99 | ||
| 999 | |c 23810 |d 23810 | ||
| 773 | 0 | |0 18728 |9 3017 |a Universidad de Costa Rica |d San José, Costa Rica Editorial UCR 1956- |o 15060 |t Revista de Ciencias Sociales/ |x 04825276 | |
